Japan Geography by letter - N - Statistics

General Stats
  • This quiz has been taken 135 times
    93 since last reset
  • The average score is 6 of 16
Answer Stats
Hint Answer % Correct
Site of an atomic bombing Nagasaki
91%
Major city in central Japan Nagoya
77%
The Winter Olympics were once held here Nagano
66%
Major international airport near Tokyo Narita
66%
Biggest city in Okinawa Naha
40%
Major city and tourist attraction near Osaka Nara
40%
Eponymous city/prefecture on the Japan sea coast Niigata
38%
Another of Tokyo's 23 wards Nerima
24%
Station on the Yamanote line where you can also get the Skyliner train Nippori
22%
One of Tokyo's 23 wards Nakano
21%
Major station in the centre of Osaka Nanba
21%
Peninsula in Ishikawa prefecture Noto
20%
Castle and tourist attraction in Kyoto Nijo
16%
Industrial city on the north coast of Shikoku Niihama
12%
Former name of Osaka Naniwa
11%
Castle in Oita prefecture Nakatsu
6%
No matching quizzes found
Score Distribution
Percent of People with Each Score
Percentile by Number Answered
Your Score History
You have not taken this quiz since the last reset